000 00451nam a2200169Ia 4500
005 20241220010826.0
008 240331s9999 xx 000 0 und d
020 _a0333754859
082 _bHEN
_a828
100 _aHenke, S. A
245 0 _aShattered subjects :
_btrauma and testimony in women's life-writing
260 _aLondon
_bMacmillan Press Ltd
_c1998
300 _aXxii, 216 p .,
650 _aPsychological
650 _aWomen
942 _cL
999 _c3403
_d3403